| 000 | 00649nam a2200205 a 4500 | ||
|---|---|---|---|
| 005 | 20140412111416.0 | ||
| 008 | 070813s19uu xx 00 eng d | ||
| 020 | _a0-439-33017-3 | ||
| 050 |
_aTR(PS E _bOn2 2002 |
||
| 100 | _aMaccarone, Grace | ||
| 245 |
_aThe 100th day / _cStory by Grace Maccarone ; literacy activities by Alayne Pick ; illustrated by Laura Freeman. |
||
| 260 |
_aNew York : _bScholastic, _c2002. |
||
| 300 | _a1 v. (unpaged) | ||
| 440 | _aHello reader!. Hello writer! level 1 | ||
| 500 | _aCartwhell books | ||
| 650 | _aHundreth day of school | ||
| 650 | _aSchools | ||
| 650 | _aHundred (the number) | ||
| 999 |
_c105826 _d105826 |
||